Investičné certifikáty ako nástroj štruktúrovaných produktov

Pojem štruktúrované produkty. Parametre a základné typy štruktúrovaných produktov. Výhody a riziká štruktúrovaných produktov. Plain-vanilla certifikáty. Diskontné certifikáty. Bonusové certifikáty. Airbag certifikáty. PEPP a Expres certifikáty. Garantované a Outperformance certifikáty. Sprint a Turb...

ver descrição completa

Na minha lista:
Detalhes bibliográficos
Autor principal: Spuchľáková, Erika
Outros Autores: Frajtová - Michalíková, Katarína
Formato: Capítulo de Livro
Idioma:eslovaco
Assuntos:
Tags: Adicionar Tag
Sem tags, seja o primeiro a adicionar uma tag!

MARC

LEADER 00000naa a2200000 4500
001 0227077
005 20221019173042.6
041 0 |a slo 
044 |a SK 
245 1 0 |a Investičné certifikáty ako nástroj štruktúrovaných produktov  |c Erika Spuchľáková, Katarína Frajtová - Michalíková 
520 |a Pojem štruktúrované produkty. Parametre a základné typy štruktúrovaných produktov. Výhody a riziká štruktúrovaných produktov. Plain-vanilla certifikáty. Diskontné certifikáty. Bonusové certifikáty. Airbag certifikáty. PEPP a Expres certifikáty. Garantované a Outperformance certifikáty. Sprint a Turbo certifikáty. 
610 2 0 |a certifikáty investičné 
610 2 0 |a stratégia investičná 
610 2 0 |a spoločnosti investičné 
610 2 0 |a emitenti 
610 2 0 |a portfólio 
610 2 0 |a riziko finančné 
100 1 |a Spuchľáková, Erika 
700 1 |a Frajtová - Michalíková, Katarína